| 000 | 00787cab a2200241 4500 | ||
|---|---|---|---|
| 001 | ABS60093 | ||
| 008 | 090401t1999 xxu||||| |||| 00| 0 eng d | ||
| 035 | _a(Sirsi) u91362 | ||
| 041 | _aeng | ||
| 100 | _aVan Houtte, V. | ||
| 245 | 4 | _aThe role and responsibility of the owner | |
| 260 | _c1999 | ||
| 350 | _a0 | ||
| 490 |
_aInternational Construction Law Review _v16(1) January 1999, 59-79(11) |
||
| 520 | _aOutlines the role of the owner in construction projects and the responsibilities that this entails. Also discusses the roles of other key members of the construction team. | ||
| 650 | _aCONSTRUCTION PROJECTS | ||
| 650 | _aOWNER | ||
| 650 | _aRESPONSIBILITY | ||
| 650 | _aROLE | ||
| 690 | _aBUILDING AND CONSTRUCTION-CONTROL | ||
| 942 | _n0 | ||
| 948 | _c17/02/1999 | ||
| 999 |
_c57986 _d57986 |
||